000 00301nam a2200121Ia 4500
008 191201s2014 xx 000 0 und d
100 _aBALLANEY, P.L
245 0 _aTheory of Machines and Mechanisms
260 _aN. delhi
_bKhanna Pub
_c2014
300 _a1348
650 _aB.Tech(ME)
942 _2ddc
_cBK
999 _c6150
_d6150